00473 2200193 4500001002100000005001500021035002000036008004100056245004800097100002100145250000600166260003600172300001100208084001400219082000800233650001400241990001200255990001200267INLIS00000000000033120240503082549 a0010-0424000307240503 0 ind 1 aMusyawarah Untuk Mufakat /cYudi Suparyanto aSuparyanto, Yudi a1 aJakarta :bCempaka Putih,c2015 a52 hlm a300 YUD m a300 4aNon Fiksi a0728736 a0728737